| 000 | 00669nam a2200217Ia 4500 | ||
|---|---|---|---|
| 001 | 5700 | ||
| 003 | GE_BSU | ||
| 008 | 181216s||||||||xx |||||||||||||| ||und|| | ||
| 040 | _cGE_BSU | ||
| 080 | _a512.545 | ||
| 100 | _aБурбаки,Н. | ||
| 245 | _aАлгебра. Многочлены и поля. Упорядоченные группы. | ||
| 245 | _cПод ред. Ю.И.Манина. пер с французского | ||
| 260 | _aМосква | ||
| 260 | _bНаука | ||
| 260 | _c1965 | ||
| 300 | _a300 с. 22см. | ||
| 653 | _aАлгебра. | ||
| 653 | _aМногочлены и поля. упорядочнные группы | ||
| 942 | _cBK | ||
| 999 |
_c39119 _d39119 |
||